000 00552nam a2200169 4500
999 _c4089
_d4089
008 160824b xxu||||| |||| 00| 0 eng d
022 _a2094-8042
082 _aDPer 370.105 M72 Jan-Dec 2012 v. 60-61
100 _913609
_aUreta, Remedios
243 _aThe modern teacher
245 _aHow to build a culture of innovation/
_cRemedios Ureta.
260 _aPhilippines:
_bIn the Grade School, Inc.,
_c©2012.
300 _a v60 n9, pages 362+;
_c28 cm.
500 _aThe Modern Teacher
650 0 _913610
_aCulture
_xInnovation
942 _2ddc
_cPER